00398 a2200109 4500001001000000005001700010008004100027245010700068100002500175773007100200999001700271ART_1074820260410161854.0260409a 10aEl tratamiento legal y jurisprudencial de las técnicas de reprodución humana asistida en Argentina1 aAizenberg, Marisa S.0 tDerecho privadogBioderecho - Año I, Nº 1 (mayo 2012)wREV10455 c25288d25288